000 00720pam a2200217 a 4500
001 1021618
005 20180129083016.0
008 880912s1989 enka b 100 0 eng
010 _a 88029945
020 _a052135563X
040 _aDLC
_cDLC
_dDLC
041 _aeng
080 _a330.028
082 0 0 _a330.028 BAR
_219
100 _a19
101 _aSHP
245 1 0 _aEconomic complexity :
_cedited by William A. Barnett, John Geweke, Karl Shell.
504 _aIncludes bibliographical references.
906 _a7
_bcbc
_corignew
_d1
_eocip
_f19
_gy-gencatlg
942 _2ddc
_cBK
999 _c41186
_d41186